La nueva novelística
Compilación de doce entrevistas que abordan los aspectos más valiosos de la novelística norteamericana, a partir de 1960. John Barth, Joyce Carol Oates, William H. Gass, Donald Barthelme, Ronald Sukenick, Tom Wolfe, John Hawkes, Susan Sontag, Ishmael Reed, Jerzy Kosinski, John Gardner y Kurt Vonnegu...
Gorde:
| Egile nagusia: | |
|---|---|
| Formatua: | Liburua |
| Hizkuntza: | Undetermined |
| Argitaratua: |
México, Distrito Federal
Asociados
1978
|
| Gaiak: | |
| Etiketak: |
Etiketa erantsi
Etiketarik gabe, Izan zaitez lehena erregistro honi etiketa jartzen!
|
MARC
| LEADER | 00000nam a2200000Ia 4500 | ||
|---|---|---|---|
| 008 | 170316s9999 xx 000 0 und d | ||
| 040 | |a cru BVZT | ||
| 090 | |a 810 B-7n | ||
| 100 | |a Bellamy, Joe David |9 738 | ||
| 245 | |a La nueva novelística |c / Joe David Bellamy | ||
| 260 | |a México, Distrito Federal |b Asociados |c 1978 | ||
| 300 | |a 173 páginas | ||
| 520 | |a Compilación de doce entrevistas que abordan los aspectos más valiosos de la novelística norteamericana, a partir de 1960. John Barth, Joyce Carol Oates, William H. Gass, Donald Barthelme, Ronald Sukenick, Tom Wolfe, John Hawkes, Susan Sontag, Ishmael Reed, Jerzy Kosinski, John Gardner y Kurt Vonnegut, son los escritores innovadores que hablan de sus hábitos de trabajo, sus principios filosóficos y estéticos, el medio social en que crean sus obras, el futuro de la novelística como expresión artística y sus predicciones y aversiones literarias. | ||
| 650 | |a LITERATURA ESTADOUNIDENSE |9 25 | ||
| 650 | |a EN IDIOMA ESPAÑOL |9 562 | ||
| 650 | |a ENTREVISTAS A ESCRITORES |9 739 | ||
| 999 | |c 5468 |d 5468 | ||
| 942 | |c 15 D |h 810 B-7n |2 z | ||
